[Event "SR 2. liga A 2016/2017"]
[Site "?"]
[Date "2017.11.26"]
[Round "4.2"]
[White "Szitasi, Janos"]
[Black "Olvecky, Jaroslav"]
[Result "1-0"]
[WhiteElo "1956"]
[BlackElo "1938"]
[PlyCount "63"]
[EventDate "2017.??.??"]
[WhiteTeam "DSC Potonska veza"]
[BlackTeam "SK Doprastav Bratislava B"]

1. e4 c5 2. Nf3 d6 3. d4 cxd4 4. Nxd4 Nf6 5. Nc3 a6 6. Be2 g6 7. Be3 Bg7 8. Qd2
h5 9. f3 Nc6 10. O-O-O Qa5 11. Nb3 Qc7 12. f4 Na5 13. Nxa5 Qxa5 14. Bd4 Be6 15.
a3 O-O 16. Rhf1 Rac8 17. f5 Bc4 18. fxg6 fxg6 19. Qe3 Bxe2 20. Nxe2 Ng4 21.
Rxf8+ Rxf8 22. Qb3+ Kh7 23. Bxg7 Kxg7 24. Nd4 Rf7 25. Ne6+ Kg8 26. Qc4 Ne3 27.
Qc8+ Kh7 28. Qe8 Rg7 29. Nxg7 Nxd1 30. Qxe7 Qe5 31. Ne6+ Kh8 32. Kxd1 1-0

[Event "SR 2. liga A 2016/2017"]
[Site "?"]
[Date "2017.11.26"]
[Round "4.2"]
[White "Tomanek, Rafael"]
[Black "Kalmar, Tamas"]
[Result "0-1"]
[WhiteElo "1972"]
[BlackElo "2101"]
[PlyCount "110"]
[EventDate "2017.??.??"]
[WhiteTeam "SK Doprastav Bratislava B"]
[BlackTeam "DSC Potonska veza"]

1. d4 Nf6 2. Nf3 d5 3. c4 e6 4. Nc3 c6 5. cxd5 exd5 6. Bg5 Nbd7 7. e3 Qa5 8.
Bd3 Ne4 9. Qc2 Nxg5 10. Nxg5 h6 11. Nf3 Bd6 12. O-O O-O 13. e4 dxe4 14. Nxe4
Be7 15. a3 Nf6 16. Ng3 Rd8 17. Rfe1 Be6 18. Re5 Qc7 19. Nf5 Bf8 20. N3h4 Bxf5
21. Nxf5 g6 22. Nh4 Rxd4 23. Nf3 Rd5 24. Rae1 Rxe5 25. Nxe5 Re8 26. Nf3 Rxe1+
27. Nxe1 Nd5 28. g3 Bg7 29. Bc4 Qe5 30. Nd3 Qd4 31. Bxd5 Qxd5 32. h4 h5 33. Nf4
Qd4 34. Nd3 Bf6 35. a4 Kg7 36. Kf1 Qe4 37. b3 a6 38. Kg1 Bd4 39. Qd1 c5 40. Nf4
b5 41. axb5 axb5 42. Nd3 Qg4 43. Qxg4 hxg4 44. Kf1 Kf6 45. Ke2 Kf5 46. Ne1 Ke4
47. Nc2 Kd5 48. Na3 c4 49. bxc4+ bxc4 50. Nc2 f5 51. f3 Bc5 52. Ne1 Kd4 53.
fxg4 fxg4 54. Ng2 Bd6 55. Kf2 Kd3 0-1

[Event "SR 2. liga A 2016/2017"]
[Site "?"]
[Date "2017.11.26"]
[Round "4.2"]
[White "Merva, Frantisek"]
[Black "Novak, Stanislav"]
[Result "0-1"]
[WhiteElo "2068"]
[BlackElo "1934"]
[PlyCount "42"]
[EventDate "2017.??.??"]
[WhiteTeam "DSC Potonska veza"]
[BlackTeam "SK Doprastav Bratislava B"]

1. d4 d5 2. c4 e6 3. Nc3 Nf6 4. cxd5 exd5 5. Bg5 Nbd7 6. Nxd5 Nxd5 7. Bd2 N7f6
8. a3 Bd6 9. g3 Bf5 10. Bg2 O-O 11. f3 Re8 12. Qb3 c5 13. e4 cxd4 14. Kf1 Be6
15. exd5 Bxd5 16. Qd1 Bc4+ 17. Kf2 Nd5 18. Rc1 Ne3 19. Qa4 b5 20. Qa6 Qf6 21.
Qb7 Ng4# 0-1

[Event "SR 2. liga A 2016/2017"]
[Site "?"]
[Date "2017.11.26"]
[Round "4.3"]
[White "Jablonicky, Martin"]
[Black "Kostolansky, Sebastian Lukas"]
[Result "0-1"]
[WhiteElo "2313"]
[BlackElo "2205"]
[PlyCount "72"]
[EventDate "2017.??.??"]
[WhiteTeam "SK Osuske B"]
[BlackTeam "SK Slovan Bratislava E"]

1. c4 e5 2. a3 g6 3. g3 Bg7 4. Bg2 Ne7 5. Nc3 O-O 6. d3 d6 7. e3 Nbc6 8. Nge2
Be6 9. Nd5 Qd7 10. Nec3 Bh3 11. Nxe7+ Nxe7 12. Bxb7 Rae8 13. Bf3 f5 14. Bd2 f4
15. e4 Nc6 16. g4 Nd4 17. Rg1 g5 18. Nb5 Nxb5 19. cxb5 Qxb5 20. Qc2 Qd7 21. Rc1
c5 22. b4 cxb4 23. Bxb4 Rc8 24. Qb3+ Kh8 25. Rc4 h5 26. Qd1 hxg4 27. Bxg4 Bxg4
28. Rxg4 Rxc4 29. dxc4 Rc8 30. Rxg5 Bh6 31. Rg6 Qh7 32. Qh5 Bg7 33. Qf5 Rxc4
34. Bxd6 Qxh2 35. Bxe5 Qh1+ 36. Ke2 Rc2+ 0-1

[Event "SR 2. liga A 2016/2017"]
[Site "?"]
[Date "2017.11.26"]
[Round "4.3"]
[White "Jancovic, Peter"]
[Black "Karas, Marek"]
[Result "1/2-1/2"]
[WhiteElo "2242"]
[BlackElo "2251"]
[PlyCount "44"]
[EventDate "2017.??.??"]
[WhiteTeam "SK Slovan Bratislava E"]
[BlackTeam "SK Osuske B"]

1. c4 e5 2. Nc3 Nf6 3. Nf3 Nc6 4. g3 Bb4 5. Bg2 Bxc3 6. bxc3 d6 7. O-O O-O 8.
Rb1 Rb8 9. d3 Bd7 10. h3 a6 11. e4 b5 12. cxb5 axb5 13. Nh4 b4 14. Bd2 bxc3 15.
Bxc3 Rxb1 16. Qxb1 Nd4 17. Bxd4 exd4 18. Rc1 Qc8 19. Nf5 Bxf5 20. exf5 c5 21.
Qb6 Qxf5 22. Qxd6 Qxd3 1/2-1/2

[Event "SR 2. liga A 2016/2017"]
[Site "?"]
[Date "2017.11.26"]
[Round "4.3"]
[White "Sefcik, Marek"]
[Black "Nestorenko, Dmitry"]
[Result "1/2-1/2"]
[WhiteElo "1991"]
[BlackElo "2246"]
[PlyCount "44"]
[EventDate "2017.??.??"]
[WhiteTeam "SK Osuske B"]
[BlackTeam "SK Slovan Bratislava E"]

1. d4 f5 2. Nf3 Nf6 3. Nbd2 e6 4. e3 d5 5. Ne5 Bd6 6. f4 c6 7. Bd3 b6 8. c4 O-O
9. O-O Bb7 10. cxd5 cxd5 11. Qe2 Ne4 12. Ndf3 Nd7 13. Bd2 Rc8 14. Rac1 Qe7 15.
Rfd1 Nxe5 16. Nxe5 Rxc1 17. Rxc1 Rc8 18. Rxc8+ Bxc8 19. Be1 Qc7 20. Qc2 Qxc2
21. Bxc2 Bxe5 22. fxe5 Bd7 1/2-1/2

[Event "SR 2. liga A 2016/2017"]
[Site "?"]
[Date "2017.11.26"]
[Round "4.3"]
[White "Hacik, Radomir"]
[Black "Pericka, Tomas"]
[Result "0-1"]
[WhiteElo "2144"]
[BlackElo "2011"]
[PlyCount "112"]
[EventDate "2017.??.??"]
[WhiteTeam "SK Slovan Bratislava E"]
[BlackTeam "SK Osuske B"]

1. e4 c5 2. Nf3 Nc6 3. d4 cxd4 4. Nxd4 g6 5. Be2 Bg7 6. Nb3 Nf6 7. Nc3 O-O 8.
O-O a5 9. a4 d6 10. Be3 Be6 11. f4 Qd7 12. Kh1 Bg4 13. Bxg4 Qxg4 14. Qd2 Rfc8
15. Rae1 Nb4 16. Bd4 Rc4 17. Bxf6 Bxf6 18. e5 dxe5 19. fxe5 Bg5 20. Qe2 b6 21.
Qxg4 Rxg4 22. Re4 Rxe4 23. Nxe4 Be3 24. c3 Nc6 25. Re1 Rd8 26. g3 Bh6 27. Nf2
Bg7 28. e6 f5 29. Nh3 Rd6 30. Ng5 Nd8 31. Kg2 h6 32. Nf3 Nxe6 33. Ne5 Bxe5 34.
Rxe5 Kf7 35. h4 Kf6 36. Re2 g5 37. hxg5+ hxg5 38. Nd2 Rc6 39. Kf3 g4+ 40. Ke3
Nc5 41. Kd4 Rd6+ 42. Kc4 Nxa4 43. Nb3 e5 44. Kb5 Nc5 45. Nxc5 bxc5 46. Kxc5 Rd3
47. Rg2 e4 48. Kc4 Ke5 49. b4 axb4 50. cxb4 Rd1 51. Rb2 e3 52. b5 Ke4 53. b6
Rc1+ 54. Kb5 Rc8 55. b7 Rb8 56. Kc4 Kf3 0-1

[Event "SR 2. liga A 2016/2017"]
[Site "?"]
[Date "2017.11.26"]
[Round "4.3"]
[White "Nemeckay, Rastislav"]
[Black "Zetocha, Adrian"]
[Result "0-1"]
[WhiteElo "1955"]
[BlackElo "2007"]
[PlyCount "52"]
[EventDate "2017.??.??"]
[WhiteTeam "SK Osuske B"]
[BlackTeam "SK Slovan Bratislava E"]

1. e4 d6 2. d4 Nf6 3. Nc3 g6 4. Be3 Bg7 5. Qd2 O-O 6. Bh6 c5 7. Bxg7 Kxg7 8.
dxc5 dxc5 9. Qxd8 Rxd8 10. f3 Nc6 11. a3 Nd4 12. O-O-O e5 13. Bc4 a6 14. Nd5
Nxd5 15. Bxd5 Rb8 16. c3 Ne6 17. Ne2 Kf6 18. Bb3 Bd7 19. Bxe6 Kxe6 20. b3 c4
21. b4 Ba4 22. Rxd8 Rxd8 23. h4 h5 24. Re1 Rd3 25. Rg1 Bb3 26. Re1 Kd6 0-1

[Event "SR 2. liga A 2016/2017"]
[Site "?"]
[Date "2017.11.26"]
[Round "4.3"]
[White "Cambel, Vladimir"]
[Black "Diviak, Rastislav"]
[Result "1-0"]
[WhiteElo "1983"]
[BlackElo "1961"]
[PlyCount "79"]
[EventDate "2017.??.??"]
[WhiteTeam "SK Slovan Bratislava E"]
[BlackTeam "SK Osuske B"]

1. d4 d5 2. Bf4 Nf6 3. e3 e6 4. Nf3 c5 5. c3 Nc6 6. Nbd2 Be7 7. Bd3 O-O 8. Ne5
Nd7 9. h4 cxd4 10. exd4 Ncxe5 11. dxe5 f5 12. Nf3 Nc5 13. Bg5 Bd7 14. g3 Ne4
15. Bxe7 Qxe7 16. Qe2 a6 17. Nd4 Rac8 18. O-O Qc5 19. Kh2 Qc7 20. f3 Nc5 21.
Bc2 b5 22. Rf2 Qb6 23. Rg2 b4 24. g4 f4 25. Rc1 bxc3 26. bxc3 Bb5 27. Qd2 Qa5
28. g5 g6 29. Bb1 Kg7 30. Rg4 Qc7 31. Re1 Qf7 32. Kg2 Rb8 33. Rh1 Bd7 34. h5
Na4 35. Nb3 Qe7 36. hxg6 hxg6 37. Rh6 Rf5 38. Kh1 Rxg5 39. Qh2 Rh5 40. Qxh5 1-0

[Event "SR 2. liga A 2016/2017"]
[Site "?"]
[Date "2017.11.26"]
[Round "4.3"]
[White "Diviak, Rudolf"]
[Black "Sulek, Viliam"]
[Result "0-1"]
[WhiteElo "1776"]
[BlackElo "1993"]
[PlyCount "62"]
[EventDate "2017.??.??"]
[WhiteTeam "SK Osuske B"]
[BlackTeam "SK Slovan Bratislava E"]

1. e4 c6 2. e5 g6 3. Nf3 Bg7 4. d4 d5 5. Be2 Bg4 6. Be3 e6 7. Nbd2 Ne7 8. h3
Bxf3 9. Nxf3 Nf5 10. O-O Nd7 11. Qd2 Nxe3 12. fxe3 Qe7 13. c4 dxc4 14. Bxc4 Rd8
15. Qc3 Bh6 16. Nd2 O-O 17. Ne4 b5 18. Bb3 b4 19. Qd3 Nxe5 20. Qe2 Nd7 21. Rac1
Rc8 22. Ba4 f5 23. Nc5 Nb6 24. Rce1 Nd5 25. Rf3 e5 26. e4 Nf4 27. Qc4+ Kh8 28.
exf5 Rxf5 29. g4 Qh4 30. Qf1 Nxh3+ 31. Qxh3 Qxe1+ 0-1

[Event "SR 2. liga A 2016/2017"]
[Site "?"]
[Date "2017.11.26"]
[Round "4.3"]
[White "Vadila, Ondrej"]
[Black "Ulehla, Jakub"]
[Result "1/2-1/2"]
[WhiteElo "1915"]
[BlackElo "1703"]
[PlyCount "56"]
[EventDate "2017.??.??"]
[WhiteTeam "SK Slovan Bratislava E"]
[BlackTeam "SK Osuske B"]

1. e4 c5 2. Nf3 Nc6 3. d4 cxd4 4. Nxd4 g6 5. c4 Bg7 6. Be3 Nf6 7. Nc3 O-O 8.
Be2 d6 9. O-O Bd7 10. Qd2 Nxd4 11. Bxd4 Bc6 12. f3 a5 13. b3 Nd7 14. Be3 b6 15.
a3 Nc5 16. Qc2 Qc7 17. Ra2 Ra7 18. Rb1 Rfa8 19. Qd2 Ne6 20. Rc2 Rc8 21. Bd1 Qd8
22. Nd5 Bxd5 23. cxd5 Nc5 24. Qf2 Nd3 25. Qe2 Nc5 26. Qf2 Nd3 27. Qe2 Nc5 28.
Qf2 Nd3 1/2-1/2

[Event "SR 2. liga A 2016/2017"]
[Site "?"]
[Date "2017.11.26"]
[Round "4.4"]
[White "Straka, Jozef"]
[Black "Ruckschloss, Karol"]
[Result "1/2-1/2"]
[WhiteElo "2272"]
[BlackElo "2205"]
[PlyCount "22"]
[EventDate "2017.??.??"]
[WhiteTeam "SK Nafta Gbely"]
[BlackTeam "SK Slovan Bratislava D"]

1. Nf3 g6 2. d3 Bg7 3. g3 d5 4. Bg2 e5 5. Nbd2 Ne7 6. e4 c6 7. O-O O-O 8. c3
Nd7 9. d4 exd4 10. cxd4 dxe4 11. Nxe4 Nd5 1/2-1/2

[Event "SR 2. liga A 2016/2017"]
[Site "?"]
[Date "2017.11.26"]
[Round "4.4"]
[White "Janos, Martin"]
[Black "Danada, Tomas"]
[Result "1/2-1/2"]
[WhiteElo "2230"]
[BlackElo "2241"]
[PlyCount "98"]
[EventDate "2017.??.??"]
[WhiteTeam "SK Slovan Bratislava D"]
[BlackTeam "SK Nafta Gbely"]

1. e4 g6 2. d4 Bg7 3. c4 Nc6 4. Be3 e5 5. d5 Nd4 6. Ne2 c5 7. Nbc3 d6 8. Qd2 a6
9. Ng3 Rb8 10. Bd3 Bd7 11. O-O h5 12. f4 h4 13. Nh1 Qe7 14. h3 b5 15. Qf2 b4
16. Ne2 f6 17. Nxd4 exd4 18. Bd2 Kd8 19. a3 b3 20. Qf3 Nh6 21. Nf2 Kc8 22. Rae1
g5 23. e5 fxe5 24. fxg5 Rf8 25. Qh5 Nf5 26. Ne4 Kc7 27. Qd1 Ng3 28. Nxg3 hxg3
29. Rxf8 Qxf8 30. Rf1 Qe7 31. Be4 Rf8 32. Rxf8 Qxf8 33. Qf1 Qh8 34. Qf3 Qh4 35.
g6 Kd8 36. Ba5+ Kc8 37. Be1 Qf4 38. Bxg3 Qxf3 39. gxf3 Bxh3 40. Bh4 Kd7 41. Bg5
Ke8 42. Bd3 Kf8 43. Kf2 Bd7 44. Kg3 Kg8 45. Kh4 Kf8 46. Kh5 a5 47. Bc1 a4 48.
Kg5 Bh3 49. Kh5 Bd7 1/2-1/2

[Event "SR 2. liga A 2016/2017"]
[Site "?"]
[Date "2017.11.26"]
[Round "4.4"]
[White "Sosovicka, Juraj"]
[Black "Janos, Jozef"]
[Result "1-0"]
[WhiteElo "2123"]
[BlackElo "2143"]
[PlyCount "139"]
[EventDate "2017.??.??"]
[WhiteTeam "SK Nafta Gbely"]
[BlackTeam "SK Slovan Bratislava D"]

1. b3 e5 2. Bb2 Nc6 3. e3 Nf6 4. Bb5 d6 5. d4 exd4 6. Qxd4 Bd7 7. Bxc6 bxc6 8.
Nf3 c5 9. Qd3 Be7 10. O-O Bc6 11. Nbd2 O-O 12. e4 Nd7 13. Rfe1 Bf6 14. e5 dxe5
15. Nxe5 Nxe5 16. Bxe5 Qxd3 17. cxd3 Rad8 18. Bxf6 gxf6 19. Re3 f5 20. Nc4 f4
21. Re7 Rxd3 22. Ne5 Rd6 23. Rxc7 Rfd8 24. h3 Be8 25. Rxa7 f6 26. Nc4 Rd1+ 27.
Rxd1 Rxd1+ 28. Kh2 Bf7 29. Rc7 Ra1 30. a4 Bxc4 31. bxc4 Rxa4 32. Rxc5 Kg7 33.
h4 Ra2 34. f3 Rc2 35. Kh3 Kg6 36. g3 fxg3 37. Kxg3 h5 38. Kf4 Rh2 39. Kg3 Rc2
40. Rc8 Rc1 41. c5 Rc2 42. c6 Kf5 43. c7 Rc3 44. Rh8 Rxc7 45. Rxh5+ Kg6 46. Ra5
Rc1 47. h5+ Kh6 48. Rf5 Rc6 49. Kg4 Rb6 50. f4 Ra6 51. Rc5 Rb6 52. Rd5 Ra6 53.
Rd7 Rb6 54. Re7 Ra6 55. Kf5 Rb6 56. Re6 Rb5+ 57. Kxf6 Rxh5 58. Kf7+ Kh7 59. Re5
Rh4 60. f5 Ra4 61. f6 Ra7+ 62. Re7 Ra6 63. Re2 Ra7+ 64. Ke6 Kg8 65. Rg2+ Kf8
66. Rb2 Ra6+ 67. Kf5 Ra8 68. Kg6 Rc8 69. Rb7 Ra8 70. Rh7 1-0

[Event "SR 2. liga A 2016/2017"]
[Site "?"]
[Date "2017.11.26"]
[Round "4.4"]
[White "Tepper, Frantisek"]
[Black "Pribila, Gerhard"]
[Result "1/2-1/2"]
[WhiteElo "2090"]
[BlackElo "2124"]
[PlyCount "23"]
[EventDate "2017.??.??"]
[WhiteTeam "SK Slovan Bratislava D"]
[BlackTeam "SK Nafta Gbely"]

1. e4 c5 2. Nf3 e6 3. d3 d5 4. Nbd2 Nf6 5. c3 Nc6 6. Be2 Bd6 7. O-O O-O 8. Qc2
Qc7 9. Re1 b6 10. Nf1 h6 11. Ng3 dxe4 12. dxe4 1/2-1/2

[Event "SR 2. liga A 2016/2017"]
[Site "?"]
[Date "2017.11.26"]
[Round "4.4"]
[White "Danada, Ondrej"]
[Black "Kolman, Richard"]
[Result "0-1"]
[WhiteElo "1855"]
[BlackElo "1995"]
[PlyCount "44"]
[EventDate "2017.??.??"]
[WhiteTeam "SK Nafta Gbely"]
[BlackTeam "SK Slovan Bratislava D"]

1. e4 d6 2. d4 Nf6 3. Nc3 c6 4. Bg5 Qa5 5. Qd2 h6 6. Be3 e5 7. h3 Be7 8. Nf3
Nbd7 9. Bd3 O-O 10. g4 Nh7 11. h4 exd4 12. Nxd4 Ne5 13. Be2 Nxg4 14. Bxg4 Bxg4
15. Bxh6 gxh6 16. Rg1 h5 17. Nf5 Kh8 18. Qd4+ Bf6 19. Qc4 Bxc3+ 20. bxc3 Bxf5
21. exf5 Rfe8+ 22. Kd2 Qxf5 0-1

[Event "SR 2. liga A 2016/2017"]
[Site "?"]
[Date "2017.11.26"]
[Round "4.4"]
[White "Hecht, Tomas"]
[Black "Kocak, Branislav"]
[Result "1/2-1/2"]
[WhiteElo "2029"]
[BlackElo "1859"]
[PlyCount "33"]
[EventDate "2017.??.??"]
[WhiteTeam "SK Slovan Bratislava D"]
[BlackTeam "SK Nafta Gbely"]

1. e4 c5 2. c3 d5 3. exd5 Qxd5 4. d4 Nf6 5. Nf3 cxd4 6. cxd4 e6 7. Nc3 Qa5 8.
Bd3 Be7 9. O-O O-O 10. Ne5 Nbd7 11. Bf4 a6 12. Nc4 Qd8 13. a4 Nd5 14. Be5 N7f6
15. a5 Bd7 16. Nxd5 Nxd5 17. Qh5 1/2-1/2

[Event "SR 2. liga A 2016/2017"]
[Site "?"]
[Date "2017.11.26"]
[Round "4.4"]
[White "Kubis, Ivan"]
[Black "Kuna, Vladimir"]
[Result "1/2-1/2"]
[WhiteElo "1897"]
[BlackElo "2035"]
[PlyCount "58"]
[EventDate "2017.??.??"]
[WhiteTeam "SK Nafta Gbely"]
[BlackTeam "SK Slovan Bratislava D"]

1. e4 c5 2. Nf3 d6 3. d4 cxd4 4. Nxd4 Nf6 5. Nc3 a6 6. Bg5 e6 7. f4 Be7 8. Qf3
Qc7 9. O-O-O Nc6 10. Be2 Nxd4 11. Rxd4 b5 12. Qg3 Bb7 13. e5 dxe5 14. fxe5 Nd5
15. Nxd5 Bxd5 16. Bxe7 Kxe7 17. Qxg7 Rhg8 18. Qf6+ Ke8 19. Bf3 Rc8 20. c3 Qc5
21. Kb1 Rg6 22. Qh8+ Ke7 23. Qxh7 Bxf3 24. Qh4+ Kf8 25. gxf3 Qxe5 26. Rhd1 Kg7
27. Rd7 Qf5+ 28. Qe4 Qxe4+ 29. fxe4 Rg4 1/2-1/2

[Event "SR 2. liga A 2016/2017"]
[Site "?"]
[Date "2017.11.26"]
[Round "4.4"]
[White "Hudec, Jan"]
[Black "Valla, Tomas"]
[Result "1-0"]
[WhiteElo "1977"]
[BlackElo "1852"]
[PlyCount "89"]
[EventDate "2017.??.??"]
[WhiteTeam "SK Slovan Bratislava D"]
[BlackTeam "SK Nafta Gbely"]

1. d4 Nf6 2. c4 c5 3. d5 e6 4. Nc3 exd5 5. cxd5 d6 6. Nf3 g6 7. Bf4 a6 8. a4
Bg7 9. h3 O-O 10. e3 Re8 11. Be2 Ne4 12. Nxe4 Rxe4 13. Ra2 Rb4 14. Qd2 Qe7 15.
O-O Bd7 16. a5 Bb5 17. Re1 Bxe2 18. Qxe2 b6 19. axb6 Rxb6 20. Nd2 Rxb2 21. Rxb2
Bxb2 22. Nc4 Be5 23. Bxe5 dxe5 24. Nb6 Qb7 25. Nxa8 Qxa8 26. Qc4 Nd7 27. e4 Qb7
28. Ra1 Qb2 29. Qxa6 Qd4 30. Re1 c4 31. Qc8+ Nf8 32. Rc1 c3 33. Qxc3 Qxe4 34.
Qd2 Kg7 35. Re1 Qf5 36. Qc3 Nd7 37. Re3 h5 38. Qc8 e4 39. d6 Qe6 40. Qc3+ Nf6
41. Qd4 Qf5 42. Rxe4 g5 43. Re5 Qb1+ 44. Kh2 Qc1 45. Rf5 1-0

[Event "SR 2. liga A 2016/2017"]
[Site "?"]
[Date "2017.11.26"]
[Round "4.5"]
[White "Kovacocy, Pavol"]
[Black "Sukuba, Zdeno"]
[Result "1/2-1/2"]
[WhiteElo "2254"]
[BlackElo "2187"]
[PlyCount "55"]
[EventDate "2017.??.??"]
[WhiteTeam "Lokomotiva Trnava B"]
[BlackTeam "SK Krasnany"]

1. e4 c6 2. d4 d5 3. exd5 cxd5 4. Bd3 Nc6 5. c3 Nf6 6. Bf4 e6 7. Nf3 Nh5 8. Be3
Bd6 9. Ne5 g6 {(=)} 10. f4 Ng7 11. O-O Nf5 12. Bf2 f6 13. Bxf5 exf5 {(=)} 14.
Nxc6 bxc6 15. Re1+ Kf7 16. Qf3 Ba6 17. Nd2 Qc7 18. g3 Rhe8 19. b3 Rab8 20. Rxe8
Rxe8 21. Re1 Rxe1+ 22. Bxe1 Qe7 23. Kf2 Qb7 24. Qe3 Ba3 25. Nb1 Bd6 26. Nd2 Ba3
27. Nb1 Bd6 28. Nd2 1/2-1/2

[Event "SR 2. liga A 2016/2017"]
[Site "?"]
[Date "2017.11.26"]
[Round "4.5"]
[White "Biro, Karol"]
[Black "Puskar, Peter"]
[Result "1/2-1/2"]
[WhiteElo "2093"]
[BlackElo "2189"]
[PlyCount "103"]
[EventDate "2017.??.??"]
[WhiteTeam "SK Krasnany"]
[BlackTeam "Lokomotiva Trnava B"]

1. e4 c5 2. Nf3 d6 3. Bb5+ Bd7 4. Bxd7+ Qxd7 5. O-O Nc6 6. Re1 e6 7. c4 Be7 8.
Nc3 Bf6 9. d3 Nge7 10. Bf4 Ng6 11. Bg3 O-O 12. h3 Rfd8 13. Qd2 Nge5 14. Nh2 Nd4
15. f4 Nec6 16. Ng4 Be7 17. Kh1 a6 18. Ne3 b5 19. Rf1 b4 20. Na4 Ra7 21. b3 Rb7
22. Rae1 f5 23. Nb2 g6 24. Nbd1 Bf6 25. Bh2 a5 26. Nb2 Qg7 27. Na4 Qf8 28. Rg1
Rg7 29. Ref1 Re8 30. g4 Kh8 31. Rg2 Qf7 32. Qd1 Qb7 33. Bg1 Nb8 34. Qb1 Nd7 35.
Nc2 Nxc2 36. Qxc2 Qc6 37. Re1 Rge7 38. e5 dxe5 39. fxe5 Bh4 40. Re3 Rf7 41. Qe2
Ref8 42. Qf3 Qc7 43. g5 f4 44. Re4 Nxe5 45. Rxe5 Qxe5 46. Nxc5 Bg3 47. Re2 Qxg5
48. Rxe6 Kg8 49. Re4 Rf5 50. Qg4 Rxc5 51. Qe6+ Rf7 52. Qe8+ 1/2-1/2

[Event "SR 2. liga A 2016/2017"]
[Site "?"]
[Date "2017.11.26"]
[Round "4.5"]
[White "Nicolini, Alexander"]
[Black "Povysil, Peter"]
[Result "1/2-1/2"]
[WhiteElo "2148"]
[BlackElo "1981"]
[PlyCount "42"]
[EventDate "2017.??.??"]
[WhiteTeam "Lokomotiva Trnava B"]
[BlackTeam "SK Krasnany"]

1. e4 e6 2. Qe2 c5 3. Nf3 Nc6 4. g3 Be7 5. Bg2 d6 6. O-O h5 7. c3 h4 8. d4 hxg3
9. fxg3 cxd4 10. cxd4 Qa5 11. d5 exd5 12. Nc3 dxe4 13. Nxe4 Be6 14. Bf4 O-O-O
15. a3 Bg4 16. Rac1 Kb8 17. Rfd1 Qb6+ 18. Be3 Qa5 19. Bf4 Qb6+ 20. Be3 Qa5 21.
Bf4 Qb6+ 1/2-1/2

[Event "SR 2. liga A 2016/2017"]
[Site "?"]
[Date "2017.11.26"]
[Round "4.5"]
[White "Mandak, Miroslav"]
[Black "Arendas, Marek"]
[Result "1/2-1/2"]
[WhiteElo "1973"]
[BlackElo "2095"]
[PlyCount "56"]
[EventDate "2017.??.??"]
[WhiteTeam "SK Krasnany"]
[BlackTeam "Lokomotiva Trnava B"]

1. d4 d5 2. c4 c6 3. Nc3 Nf6 4. Bf4 e6 5. cxd5 exd5 6. e3 Bd6 7. Bg3 O-O 8. Bd3
Re8 9. Qc2 a5 10. Nf3 Bg4 11. Ne5 Bh5 12. O-O Bg6 13. Bxg6 hxg6 14. a3 Nh5 15.
Nd3 Nxg3 16. hxg3 {(=)} Nd7 17. b4 Qe7 18. Rab1 axb4 19. axb4 b5 20. Ne2 Ra6
21. Ra1 Rea8 22. Rxa6 Rxa6 23. Rb1 Nf6 24. Nc3 Qa7 25. Qc1 Qa8 26. Qb2 Qa7 27.
Qc1 Nd7 28. Nc5 Bxc5 1/2-1/2

[Event "SR 2. liga A 2016/2017"]
[Site "?"]
[Date "2017.11.26"]
[Round "4.5"]
[White "Liptak, Dusan"]
[Black "Kebis, Milos"]
[Result "1-0"]
[WhiteElo "2111"]
[BlackElo "1813"]
[PlyCount "61"]
[EventDate "2017.??.??"]
[WhiteTeam "Lokomotiva Trnava B"]
[BlackTeam "SK Krasnany"]

1. d4 Nf6 2. c4 e6 3. Nc3 d5 4. Nf3 Nbd7 5. Bf4 Be7 6. e3 a6 7. c5 O-O 8. Bd3
Re8 9. h3 c6 10. O-O h6 11. b4 Bf8 12. Bh2 g6 13. Re1 Bg7 14. Qb3 Nh7 15. e4
Ndf6 16. e5 Nd7 17. Nd2 Nhf8 18. Qc2 b6 19. f4 Bb7 20. g4 a5 21. a3 Ba6 22.
Bxa6 Rxa6 23. b5 cxb5 24. c6 Nb8 25. Nxb5 Qh4 26. Nd6 Nxc6 27. Nxe8 b5 28. Qd3
Rb6 29. Kg2 b4 30. g5 hxg5 31. Nf3 1-0

[Event "SR 2. liga A 2016/2017"]
[Site "?"]
[Date "2017.11.26"]
[Round "4.5"]
[White "Zacik, Anton"]
[Black "Puchart, Vladimir"]
[Result "1-0"]
[WhiteElo "1868"]
[BlackElo "2095"]
[PlyCount "57"]
[EventDate "2017.??.??"]
[WhiteTeam "SK Krasnany"]
[BlackTeam "Lokomotiva Trnava B"]

1. e4 c5 2. d4 cxd4 3. c3 d3 4. Bxd3 d6 5. h3 Nf6 6. Nf3 Nbd7 7. Be3 e6 8. Nbd2
Be7 9. O-O Qc7 10. Rc1 a6 11. Bb1 b6 12. Re1 Bb7 13. Bf4 Ne5 14. Qb3 O-O 15.
Nd4 Rac8 16. Bg5 Nc4 17. Nxc4 Qxc4 18. Qxb6 {(=)} Rb8 19. b3 Qc8 20. Bxf6 gxf6
21. Qa5 f5 22. Qa3 Bg5 23. Rcd1 fxe4 24. Qxd6 Bf6 25. Qf4 Bg7 26. Qg3 f5 27.
Ne2 Kh8 28. Nf4 Rg8 29. Ng6+ 1-0

[Event "SR 2. liga A 2016/2017"]
[Site "?"]
[Date "2017.11.26"]
[Round "4.5"]
[White "Stetina, Erik"]
[Black "Mikulasek, Viktor"]
[Result "1-0"]
[WhiteElo "1995"]
[BlackElo "1813"]
[PlyCount "63"]
[EventDate "2017.??.??"]
[WhiteTeam "Lokomotiva Trnava B"]
[BlackTeam "SK Krasnany"]

1. e4 g6 2. Be2 Bg7 3. d3 Nc6 4. f4 d6 5. Nf3 e5 6. O-O exf4 7. c3 g5 8. d4 g4
9. Ne1 g3 10. Bxf4 gxh2+ 11. Kh1 Qh4 12. Nd2 h5 13. Qb3 Qe7 14. Nd3 h4 15. Rae1
h3 16. g3 Bh6 17. e5 d5 18. Qxd5 Be6 19. Qb5 O-O-O 20. Bf3 a6 21. Qa4 Bd5 22.
Ne4 Kb8 23. Ndc5 Ka7 24. Nxb7 Bxf4 25. Nbc5 Nb8 26. gxf4 Rh6 27. c4 Ba8 28. d5
Rb6 29. b4 Bb7 30. Nxb7 Qxb4 31. Qxb4 Rxb4 32. Nxd8 1-0

[Event "SR 2. liga A 2016/2017"]
[Site "?"]
[Date "2017.11.26"]
[Round "4.5"]
[White "Mikudik, Ivan"]
[Black "Mosny, Jaroslav"]
[Result "1/2-1/2"]
[WhiteElo "1877"]
[BlackElo "1892"]
[PlyCount "39"]
[EventDate "2017.??.??"]
[WhiteTeam "SK Krasnany"]
[BlackTeam "Lokomotiva Trnava B"]

1. d4 Nf6 2. c4 e6 3. Nc3 d5 4. Bg5 Be7 5. Nf3 O-O 6. Qc2 c5 7. e3 Nc6 8. dxc5
Qa5 9. Be2 Qxc5 10. O-O dxc4 11. Ne4 Nxe4 12. Bxe7 Nxe7 13. Qxe4 Qd5 14. Qxc4
Bd7 15. Rfd1 Qxc4 16. Bxc4 Bc6 17. Nd4 Rfd8 18. f3 Kf8 19. Kf2 Rac8 20. Bb3
1/2-1/2

[Event "SR 2. liga A 2016/2017"]
[Site "?"]
[Date "2017.11.26"]
[Round "4.6"]
[White "Abel, Peter"]
[Black "Federic, Jozef"]
[Result "1/2-1/2"]
[WhiteElo "2204"]
[BlackElo "2244"]
[PlyCount "81"]
[EventDate "2017.??.??"]
[WhiteTeam "SK Lowe Piestany"]
[BlackTeam "SK Modra B"]

1. c4 e6 2. Nf3 Nf6 3. g3 b6 4. Bg2 Bb7 5. O-O Be7 6. b3 O-O 7. Bb2 d6 8. d4
Nbd7 9. Nbd2 c5 10. Re1 Qc7 11. e4 cxd4 12. Nxd4 a6 13. Qe2 Rfd8 14. Rad1 Nc5
15. f3 Rac8 16. Nf1 Bf8 17. g4 Nfd7 18. Ng3 Ne5 19. Nh5 Ng6 20. Qe3 Rb8 21. Bf1
Bc6 22. Nxc6 Qxc6 23. Rc1 Qb7 24. Red1 Rbc8 25. Qd4 Ne5 26. Be2 f6 27. Ng3 Ng6
28. Qd2 a5 29. Bd4 Be7 30. Rb1 Na6 31. Qe3 Rb8 32. a3 d5 33. cxd5 e5 34. Qd3
Nc5 35. Bxc5 Bxc5+ 36. Kh1 Bxa3 37. Ra1 Bc5 38. Nh5 Rbc8 39. Qb5 Qd7 40. Rac1
Qxb5 41. Bxb5 1/2-1/2

[Event "SR 2. liga A 2016/2017"]
[Site "?"]
[Date "2017.11.26"]
[Round "4.6"]
[White "Mydlarik, Martin"]
[Black "Nemsak, Denis"]
[Result "1-0"]
[WhiteElo "2083"]
[BlackElo "1996"]
[PlyCount "37"]
[EventDate "2017.??.??"]
[WhiteTeam "SK Modra B"]
[BlackTeam "SK Lowe Piestany"]

1. d4 f5 2. e4 fxe4 3. Nc3 Nf6 4. Bg5 b6 5. f3 Bb7 6. Bxf6 exf6 7. fxe4 Bb4 8.
Qg4 Qe7 9. Bd3 O-O 10. Nge2 c5 11. O-O-O Qf7 12. b3 Ba6 13. Nb5 d5 14. exd5
Bxb5 15. Bxb5 a6 16. Bd3 cxd4 17. Nxd4 Nd7 18. Bf5 Ne5 19. Qh3 1-0